000 00856nam a22002417a 4500
003 dpl
005 20180530164244.0
008 180530b xxu||||| |||| 00| 0 eng d
010 _aB-092573
020 _c400.00
_a8171416438
035 _aB-092573, B-092574
037 _bCen Lib/Ret
040 _aDPL
_bEN
_c0
082 _a355.0213
_bMIL
245 _aMilitary conversion :
_cedited by Digumarti Bhaskara Rao
_bimpact on science and technology /
260 _aNew Delhi
_bDiscovery Publishing House
_c2003
270 _bNew Delhi
_a4831/24, Ansari Road, Prahlad Street, Daryaganj
_e110002
300 _a188p. :
_c22cm(Hb)
_bill.
650 _aProblems of military conversion
_916442
650 _aImpact of defense conversion and US response
_916443
700 _aRao, Digumarti Bhaskara
_94707
942 _2ddc
_cEN
_h355.0213
_mMIL
999 _c126055
_d126055